Statistics for The Smallest and Worst Countries by Numbers

Click here to take the quiz!

General Stats

  • This quiz has been taken 135 times
  • The average score is 4 of 10

Answer Stats

Which Country is/has... Value Country % Correct
Smallest Population839Vatican City
99%
Smallest Land Area0.44 km²Vatican City
99%
Most Sparsely Populated1.19 per km²Mongolia
71%
Shortest Coastline (non-zero)4.1 kmMonaco
62%
Shortest Life Expectancy49.81Chad
47%
Smallest % of Population use the Internet0.90%Eritrea
21%
UnhappiestUN Score: 2.905Burundi
13%
Smallest Wine Producer (non zero)1750 tonnes per yearZimbabwe
12%
Smallest Birth Rate8.2 per 1000Germany
9%
Smallest Death Rate1.53 per 1000Qatar
8%

Score Distribution

Percentile by Number Answered

Percent of People with Each Score

Your Score History

You have not taken this quiz